Library of the University of Algiers 3
Ibrahim Sultan Cheibout
شعار جامعة الجزائر 3
مكتبة جامعة الجزائر 3
إبراهيم سلطان شيبوط

الحملات الترويجية الالكترونية للسياحة الحموية : استراتيجيات، تحديات و تجارب تطبيقية / (رقم التسجيلة. 46320)

تفاصيل مارك
000 -LEADER
fixed length control field 01426nam a2200241Ia 4500
003 - CONTROL NUMBER IDENTIFIER
control field Ost
005 - DATE AND TIME OF LATEST TRANSACTION
control field 20260507075803.0
008 - FIXED-LENGTH DATA ELEMENTS--GENERAL INFORMATION
fixed length control field 260507s9999||||xx |||||||||||||| ||und||
020 ## - INTERNATIONAL STANDARD BOOK NUMBER
International Standard Book Number 9789969582840
040 ## - CATALOGING SOURCE
Transcribing agency fsecg
041 ## - LANGUAGE CODE
Language code of text/sound track or separate title ara
082 ## - DEWEY DECIMAL CLASSIFICATION NUMBER
Classification number 338.4791
100 ## - MAIN ENTRY--PERSONAL NAME
Personal name شاقور، رانيا
Relator term مؤلف
245 #0 - TITLE STATEMENT
Title الحملات الترويجية الالكترونية للسياحة الحموية : استراتيجيات، تحديات و تجارب تطبيقية /
Statement of responsibility, etc. رانيا شاقور
260 ## - PUBLICATION, DISTRIBUTION, ETC.
Place of publication, distribution, etc. الجزائر:
Name of publisher, distributor, etc. دار الأحلام,
Date of publication, distribution, etc. 2025
300 ## - PHYSICAL DESCRIPTION
Extent 206 صفحة؛
Other physical details إيضاحات ؛
Dimensions 24 سم
504 ## - BIBLIOGRAPHY, ETC. NOTE
Bibliography, etc. note ببليوغرافيا ص.ص.191-207
520 ## - SUMMARY, ETC.
Summary, etc. يتناول الكتاب الاطار المفاهيمي للحملات الترويجية الالكترونية ، أليات استخدام الحملات الترويجية الالكترونية ، مقاربة نظرية للحملات الترويجية الالكترونية في قطاه السياحة الحموية ، واقع السياحة الحموية بالجزائر و أساليبة تنشيطها ، نماذج لتطبيقات ترويج المحتوى السياحي عبر منصات التواصل الاجتماعي .
653 ## - INDEX TERM--UNCONTROLLED
Uncontrolled term التسويق الالكتروني
653 ## - INDEX TERM--UNCONTROLLED
Uncontrolled term السياحة الحموية
700 ## - ADDED ENTRY--PERSONAL NAME
Personal name أنساعد، رضوان
Relator term مؤلف ثانوي
942 ## - ADDED ENTRY ELEMENTS (KOHA)
Koha item type كتب
المقتنيات
Withdrawn status Lost status Source of classification or shelving scheme Damaged status Not for loan Home library Current library Date acquired Serial enumeration / chronology Inventory number Total checkouts Full call number Barcode Date last seen Price effective from Koha item type
    Library of Congress Classification   NOT LOAN / إعارة داخلية مكتبة كلية العلوم الإقتصادية والعلوم التجارية وعلوم التسيير مكتبة كلية العلوم الإقتصادية والعلوم التجارية وعلوم التسيير 07/05/2026 الطابق الأرضي 025-21/583   522/025.21ن01 025-21/583 07/05/2026 07/05/2026 كتب

موارد الويب المفتوحة


© University of Algiers 3 All Rights Reserved
|
Implemented by LECHELAH Riad